| 000 | 00962nam0a22002771 4500 | ||
|---|---|---|---|
| 001 | RU\NLR\INFOCOMM_253\5000005081 | ||
| 005 | 20250613092429.0 | ||
| 010 |
_99500 экз. _d30 к. |
||
| 035 | _a(NLR Aleph) 009160291 | ||
| 090 |
_a8449679 _c8449679 |
||
| 100 | _a20100202d1932 |||y0rusy50 ca | ||
| 101 | 0 | _ager | |
| 102 | _aRU | ||
| 105 | _ay ||||000|y | ||
| 200 | 1 |
_aÜber den Leninismus _fVon A. Bubnow, Volkskommissar für Bildungswesen in der UdSSR |
|
| 210 |
_aMoskau _cVerlagsgenossenschaft ausländischer Arbeiter in der UdSSR _d1932 _g"Internationale" Druck. |
||
| 215 |
_aОбл., 32 с. _d21×14 см |
||
| 300 | _aНа 4 стр. обл: "А. Бубнов. О ленинизме" | ||
| 686 |
_aМ-Л4-4 _2rubbk |
||
| 700 | 1 |
_9z02790 _aBubnov _bA. S. _f1883-1940 _gAndrej Sergeevič _4070 |
|
| 790 | 1 |
_9z02700 _aBubnow _bA. _4070 |
|
| 801 | 1 |
_aRU _bNLR _c20100202 |
|
| 801 | 0 |
_aRU _bNLR _gPSBO |
|
| 852 |
_aNLR _jЕ-10/662 _y2 экз. |
||
| 942 | _cBOOK | ||
| 980 | _aNB | ||